Statistiques concernant Trouve les films de Godard

Cliquez ici pour prendre le quiz!

Statistiques générales

  • Ce quiz a été pris 51 fois
  • Le résultat moyen est 6 sur 19

Statistiques - réponses

indicationréponse% Correct
"new york herald tribune"à bout de souffle
90%
du nom d'un bandit de l'après-guerrepierrot le fou
80%
film où Fritz Lang réalise un film sur Ulyssele mépris
73%
premier film avec le personnage de Lemmy Cautionalphaville
60%
films en douze tableauxvivre sa vie
48%
film qui lui a valu les protestations d'intégristes nantais et une tarte de Noël Godinje vous salue, marie
30%
"toutes les histoires qu'il y aurait ou qu'il y aura ? qu'il y a eu"histoire(s) du cinéma
28%
Alain Badiou en a repris le titre pour un ouvrageéloge de l'amour
25%
le personnage principal est un descendant de Shakespeareking lear
25%
"monsieur Straub fait toujours deux négatifs"hélas pour moi
23%
"elle, la région parisienne"2 ou 3 choses que je sais d'elle
20%
film dont le lieu de tournage a fait naufragefilm socialisme
20%
film où Ulysse et Michelange s'en vont en guerreles carabiniers
20%
film où un réalisateur reconstitue de célèbres tableaux avec des acteurspassion
18%
film où Alain Delon disparait dans le lac Lémannouvelle vague
15%
deuxième film avec le personnage de Lemmy Cautionallemagne année neuf zéro
10%
premier film avec Jean-Paul Belmondo dont Jean-Luc a doublé la voixcharlotte et son jules
10%
premier film réalisé avec Anne-Marie Miévilleici et ailleurs
8%
moyen métrage commandé par France Télécompuissance de la parole
5%

Distribution des résultats

Percentile par nombre de réponses

% des personnes avec chaque résultat

Votre développement - résultats

Vous n’avez pas pris ce quiz